书目信息 |
| 题名: |
都市时尚审美文化研究
|
|
| 作者: | 袁愈宗 主编 | |
| 分册: | ||
| 出版信息: | 北京 人民日报出版社 2014 |
|
| 页数: | 260页 | |
| 开本: | 24cm | |
| 丛书名: | 审美人类学丛书 | |
| 单 册: | ||
| 中图分类: | B834.3 | |
| 科图分类: | ||
| 主题词: | 生活--审美文化--研究 | |
| 电子资源: | ||
| ISBN: | 978-7-5115-2666-3 | |
| 000 | 00912nam0 2200265 450 | |
| 001 | 339675 | |
| 005 | 20150608161000.98 | |
| 010 | @a978-7-5115-2666-3@dCNY49.00 | |
| 100 | @a20141203d2014 em y0chiy50 ea | |
| 101 | 0 | @achi |
| 102 | @aCN@b110000 | |
| 105 | @ay z 000yy | |
| 106 | @ar | |
| 200 | 1 | @a都市时尚审美文化研究@Adu shi shi shang shen mei wen hua yan jiu@f袁愈宗主编 |
| 210 | @a北京@c人民日报出版社@d2014 | |
| 215 | @a260页@d24cm | |
| 225 | 1 | @a审美人类学丛书@h第二辑@f张利群主编 |
| 300 | @a人民日报学术文库 广西重点人文社科基地“审美人类学研究中心”项目成果 | |
| 330 | @a本书主要内容包括: 时尚现象的审美性、现代广告的文化阐释、服饰之美的符号学解读、央视春晚媒介仪式的文化阐释等。 | |
| 410 | 0 | @12001 @a审美人类学丛书 |
| 606 | 0 | @a生活@x审美文化@x研究 |
| 690 | @aB834.3@v5 | |
| 701 | 0 | @a袁愈宗@Ayuan yu zong@f(1974)@4主编 |
| 801 | 0 | @aCN@b卓展宏图@c20150525 |
| 905 | @dB834.3@e293@f4 | |
| 都市时尚审美文化研究/袁愈宗主编.-北京:人民日报出版社,2014 |
| 260页;24cm.-(审美人类学丛书.第二辑/张利群主编) |
| 人民日报学术文库 广西重点人文社科基地“审美人类学研究中心”项目成果 |
| ISBN 978-7-5115-2666-3:CNY49.00 |
| 本书主要内容包括: 时尚现象的审美性、现代广告的文化阐释、服饰之美的符号学解读、央视春晚媒介仪式的文化阐释等。 |
| ● |
| 相关链接 |
|
|
|
|
正题名:都市时尚审美文化研究
索取号:B834.3/293
 
预约/预借
| 序号 | 登录号 | 条形码 | 馆藏地/架位号 | 状态 | 备注 |
| 1 | 863605 | 208636056 | 第一样本阅览室/ [索取号:B834.3/293] | 在馆 | |
| 2 | 863606 | 208636065 | 第一借阅区/ [索取号:B834.3/293] | 在馆 | |
| 3 | 863607 | 208636074 | 第一借阅区/ [索取号:B834.3/293] | 在馆 | |
| 4 | 863608 | 208636083 | 教育系资料室/ [索取号:B834.3/293] | 在馆 |